| 000 | 00606nam a2200217 4500 | ||
|---|---|---|---|
| 001 | 32051 | ||
| 003 | AR-RoBPED | ||
| 005 | 20250916150215.0 | ||
| 008 | 250915s2002 es ||||er|||| 000 f spa d | ||
| 020 | _a8408044133 | ||
| 040 | _aAR-RoBPED | ||
| 041 | _aspa | ||
| 100 | 1 |
_aBayly, Jaime _d1965- _926619 |
|
| 245 | 1 | 3 |
_aLa mujer de mi hermano / _cJaime Bayly. |
| 260 |
_aBarcelona : _bPlaneta, _c2002. |
||
| 300 | _a363 p. | ||
| 650 | 4 |
_aLITERATURA PERUANA _9665 |
|
| 650 | 4 |
_aNOVELAS _925 |
|
| 942 |
_2udc _ak. 32051 _cBK _h860(85)-31 _mB 27 m _ninv. 42157 |
||
| 945 | _amm 15/09/2025 - cd 16/09/2025 | ||
| 999 |
_c32051 _d32051 |
||